00314 2200133 4500001002100000005001500021035002000036245004900056300000800105260003500113082000800148084001200156990001200168INLIS00000000000260420250605022522 a0010-0625000190 aManisan, Minuman, Es dan Puding /cSusmiyati a137 aJakarta :bRineka Cipta,c1992 a600 a600 MAN a0320344